000 00753nam a2200181Ia 4500
005 20250508160035.0
008 008 250505s9999 xx 000 0 eng d
037 _aBooks to be hide in OPAC
040 _aFEDL
_beng
_cFEDL
041 _aeng
_2eng
084 _a372.941 5, IRE/O
_qFEDL
245 0 _aThird volume of minutes of evidence, comprising that taken between april 29 and july 31, 1897, being a supplement to the third report of the commissioners.
260 _aDublin
_bHis Majesty's Stationery Office
_c1897
300 _a447p.
546 _aCommission on manual and practical instruction in primary school under the board of national education in Ireland
942 _cHB
_h372.941 5, IRE/O
999 _c1361336
_d1361336